000
00422nam a2200145Ia 4500
008
100204s9999 xx 000 0 und d
082
_b
251
100
_a
मंत्री रमेश
245
_a
चोरवाटा
260
_b
"उत्कर्ष प्रकाशन, पुणे"
_c
"1977,2"
300
_a
121
630
_a
चोरवाटा
730
_a
चोरवाटा
942
_c
BOOK
999
_c
445446
_d
445443